Paurāṇika kāhinī / (Record no. 73070)

MARC details
000 -LEADER
fixed length control field 00790cam a2200229 a 4500
001 - CONTROL NUMBER
control field sa 67002145
003 - CONTROL NUMBER IDENTIFIER
control field DLC
005 - DATE AND TIME OF LATEST TRANSACTION
control field 20260227112328.0
008 - FIXED-LENGTH DATA ELEMENTS--GENERAL INFORMATION
fixed length control field 890714s1966 ii af j 000 1 beno
010 ## - LIBRARY OF CONGRESS CONTROL NUMBER
LC control number sa 67002145
035 ## - SYSTEM CONTROL NUMBER
System control number (OCoLC)20010295
040 ## - CATALOGING SOURCE
Original cataloging agency DLC
Transcribing agency DLC
Modifying agency DLC
050 00 - LIBRARY OF CONGRESS CALL NUMBER
Classification number PZ90.B4
Item number R355 1966
Classification number PK1718.R3145
100 1# - MAIN ENTRY--PERSONAL NAME
Personal name Ray Choudhury, Upendra Kishore,
Dates associated with a name 1863-1915.
245 10 - TITLE STATEMENT
Title Paurāṇika kāhinī /
Statement of responsibility, etc. Upendrakiśora Rāẏa ; alañkaraṇa, Upendrakiśora Rāẏa, Satyajit̲ Rāẏa].
250 ## - EDITION STATEMENT
Edition statement 1. saṃskaraṇa.
260 ## - PUBLICATION, DISTRIBUTION, ETC.
Place of publication, distribution, etc. Kalakātā :
Name of publisher, distributor, etc. Niuskripṭa Prakāśaka,
Date of publication, distribution, etc. 1888 [1966]
300 ## - PHYSICAL DESCRIPTION
Extent 141 p., [2] leaves of plates :
Other physical details ill. (some col.) ;
Dimensions 23 cm.
500 ## - GENERAL NOTE
General note Children's fiction.
546 ## - LANGUAGE NOTE
Language note In Bengali.
700 1# - ADDED ENTRY--PERSONAL NAME
Personal name Ray, Satyajit,
Dates associated with a name 1921-1992.

No items available.

Powered by Koha